History Analogies #4 - Statistics

General Stats
  • This quiz has been taken 1,675 times
    1,347 since last reset
  • The average score is 11 of 20
Answer Stats
This is to this ... As ... % Correct
Constantinople is to the Byzantine Empire Tenochtitlan is to the {Aztecs}
87%
Alexander is to The Great William is to {The Conqueror}
74%
World War II is to Franklin Roosevelt World War I is to {Woodrow Wilson}
68%
Christopher Columbus is to Genoa Marco Polo is to {Venice}
65%
Caesar is to Veni Vidi Vici Archimedes is to {Eureka}
64%
Plato is to Socrates Alexander the Great is to {Aristotle}
63%
Thebes is to Luxor Edo is to {Tokyo}
62%
Pasteurization is to Louis Pasteur Polonium is to {Marie Curie}
61%
Minerva is to Athena Jupiter is to {Zeus}
60%
Tasmania is to Abel Tasman The Americas are to {Amerigo Vespucci}
59%
Belgian Congo is to Democratic Republic of the Congo Southern Rhodesia is to {Zimbabwe}
58%
First Triumvirate is to Julius Caesar Second Triumvirate is to {Octavian}
57%
Confucius is to Confucianism Laozi is to {Taoism}
53%
Ferdinand II is to Aragon Isabella I is to {Castille}
52%
Romeo and Juliet is to William Shakespeare The Canterbury Tales is to {Geoffrey Chaucer}
52%
Napoleon is to Saint Helena James Cook is to {Hawaii}
51%
Roman is to Bacchus Greek is to {Dionysus}
41%
Carthage vs Rome is to Punic Wars Athens vs Sparta is to {Peloponnesian Wars}
37%
The Nightwatch is to Rembrandt The Girl with the Pearl Earring is to {Johannes Vermeer}
28%
The Hanging Gardens are to Nebuchadnezzar II Abu Simbel is to {Rameses the Great}
6%
No matching quizzes found
Score Distribution
Percent of People with Each Score
Percentile by Number Answered
Your Score History
You have not taken this quiz since the last reset